Argentine Primera División Teams Quiz - Statistics

General Stats
  • This quiz has been taken 74 times
    60 since last reset
  • The average score is 16 of 28
Answer Stats
Team % Correct
Boca Juniors
96%
River Plate
96%
Independiente
84%
Racing Club
84%
Newell's Old Boys
80%
San Lorenzo
80%
Rosario Central
76%
Estudiantes
74%
Argentinos Juniors
64%
Vélez Sarsfield
64%
Banfield
58%
Gimnasia y Esgrima
58%
Huracán
56%
Lanús
56%
Defensa y Justicia
54%
Arsenal
50%
Belgrano
50%
Talleres
50%
Colón
48%
Tigre
46%
Atlético Tucumán
42%
Godoy Cruz
34%
San Martín
34%
Unión
30%
Olimpo
28%
Patronato
24%
Chacarita Juniors
20%
Temperley
18%
No matching quizzes found
Score Distribution
Percent of People with Each Score
Percentile by Number Answered
Your Score History
You have not taken this quiz since the last reset